000 00463nam a22001937a 4500
003 MPLRDC
005 20220104143908.0
008 210129b ||||| |||| 00| 0 eng d
020 _a7-80616-782-X
082 _a782.891 XH-6
100 _a秋石
245 _a萧红与萧军
_c
250 _a一版二刷
260 _a
_b学林出版社
_c1999
300 _b
490 _a纪实与回忆丛书
650 _a萧红传记
942 _cBK
_o782.891 XH-6
999 _c44395
_d44385